000 00764nam a2200217Ia 4500
001 17680
003 GE_BSU
008 181216s||||||||xx |||||||||||||| ||und||
040 _cGE_BSU
080 _a624.01(075.8)
100 _aВахченко,П.Ф. Могилат,А.М. Котляров,П.Ф. и др.
245 _aСтроительные конструкции здании и сооружении.
245 _bУчевное пособие для вузов.
245 _cПод ред. А.М.Могилата.
260 _aМ.
260 _bСтройиздат.
260 _c1980.
300 _a423 стр. с илл. 21 см.
653 _aСтроительные конструкции здании и сооружении.
942 _cBK
999 _c50728
_d50728